| 000 | 00856nam a22002777a 4500 | ||
|---|---|---|---|
| 001 | 8928 | ||
| 003 | FISKH | ||
| 005 | 20251110104138.0 | ||
| 008 | 251110b cb ||||| |||| 00| 0 eng d | ||
| 020 | _a9781903954676 | ||
| 040 |
_aFISKH _beng _cFISKH _dFISKH |
||
| 050 | _aPZ7 | ||
| 082 | _a910.92 | ||
| 100 |
_aLincoln, Margarette _eAuthor |
||
| 245 |
_aExplorers : _bHot topics / |
||
| 260 |
_aLondon : _bZigzag Children's books , _c2003 |
||
| 300 |
_a32 pages : _bcolor illustrations ; _c19 cm |
||
| 505 | _aP | ||
| 520 | _aHave you ever wondered how old the Earth is, or why the dinosaurs died out? These questions and many more are answered in this series. | ||
| 521 | 8 |
_a700
_bLexile estimate |
|
| 521 | 8 |
_aP
_bRaz-Plus |
|
| 650 |
_aExplorers _vWorld |
||
| 700 |
_aDraper, Richard _eIllustrator |
||
| 942 |
_2ddc _cBK _n0 |
||
| 999 |
_c8928 _d8928 |
||